Information on Reinforced Autoclaved Aerated Concrete (RAAC) (Record no. 121654)
[ view plain ]
| 000 -LEADER | |
|---|---|
| fixed length control field | 01184nam a2200241zu 4500 |
| 007 - PHYSICAL DESCRIPTION FIXED FIELD--GENERAL INFORMATION | |
| fixed length control field | ta |
| 008 - FIXED-LENGTH DATA ELEMENTS--GENERAL INFORMATION | |
| fixed length control field | 230901s2022 xxk||||| ||||l00| 0 eng d |
| 041 ## - LANGUAGE CODE | |
| Language code of text/sound track or separate title | eng |
| 110 2# - MAIN ENTRY--CORPORATE NAME | |
| 9 (RLIN) | 5763 |
| Corporate author | Local Government Association |
| 245 ## - TITLE STATEMENT | |
| Title | Information on Reinforced Autoclaved Aerated Concrete (RAAC) |
| 260 ## - PUBLICATION INFORMATION | |
| Publisher | Local Government Association, |
| Date | May 2022 |
| 520 ## - ABSTRACT | |
| Abstract | The LGA is advising its members to check as a matter of urgency whether any buildings in their estates have roofs, floors, cladding or walls made of Reinforced Autoclaved Aerated Concrete (RAAC). Links to Department for Education, CROSS reports and other related materials giving an overview of the situation. |
| 520 ## - ABSTRACT | |
| Abstract | Article undated but believed to have been issued in May 2022 |
| 650 ## - KEYWORDS | |
| Keywords | BUILDING DEFECTS |
| 650 ## - KEYWORDS | |
| Keywords | CONCRETE |
| 650 ## - KEYWORDS | |
| Keywords | EDUCATION BUILDINGS |
| 650 ## - KEYWORDS | |
| Keywords | REINFORCED AUTOCLAVED AERATED CONCRETE |
| 650 ## - KEYWORDS | |
| Keywords | SCHOOLS |
| 651 ## - SUBJECT ADDED ENTRY--GEOGRAPHIC NAME | |
| Geographic name | United Kingdom |
| 690 ## - LOCAL SUBJECT ADDED ENTRY--TOPICAL TERM (OCLC, RLIN) | |
| 9 (RLIN) | 6223 |
| Topical term or geographic name as entry element | Building materials & defects |
| 710 2# - ADDED CORPORATE NAME | |
| 9 (RLIN) | 5763 |
| Added corporate author | Local Government Association |
| 856 ## - ONLINE RESOURCE | |
| Uniform Resource Identifier | https://www.local.gov.uk/topics/housing-and-planning/information-reinforced-autoclaved-aerated-concrete-raac |
| Public note | Available online |
| Withdrawn status | Lost status | Damaged status | Not for loan | Home library | Current library | Shelving location | Date acquired | Total Checkouts | Date last seen | Price effective from | Koha item type |
|---|---|---|---|---|---|---|---|---|---|---|---|
| Virtual | Virtual | Online | 01/09/2023 | 01/09/2023 | 01/09/2023 | Online material |